| 000 | 00397nam a22001337a 4500 | ||
|---|---|---|---|
| 003 | OSt | ||
| 008 | 250215b |||||||| |||| 00| 0 eng d | ||
| 100 | _aMISHRA, Akhilesh Kumar | ||
| 245 | _aHR Innovation: Transforming the Workforce for 21st Century | ||
| 260 |
_aNew Delhi, Naples India: 2024. _bNaples India: 2024. _c2024. |
||
| 300 | _a347p. | ||
| 650 | _aFaculty Publication | ||
| 942 |
_2ddc _cBK |
||
| 999 |
_c13176 _d13176 |
||